000
00323nam a2200133Ia 4500
005
20260328104303.0
008
260328s9999||||xx |||||||||||||| ||und||
100
_a
Vargas Llosa, Mario
245
0
_a
El Regreso del Idiota /
_c
Mario Vargas Llosa
260
_b
Debate
300
_a
313 p.
650
_a
AMÉRICA
942
_c
BK
999
_c
10656
_d
10656